000 00748nam a2200265Ia 4500
003 OSt
005 20220927111540.0
006 a|||||r|||| 00| 0
007 ta
008 220926b |||||||| |||| 00| 0 eng d
024 _a104630
037 _cReports
040 _aRTL
_cRTL
_beng
041 _2eng
_aeng
082 _a"z.2794.N8t5, M5/GD"
110 _a"Meghalay, Planning (Deptt.of-)"
_9382272
245 0 _aDraft annual plan 1984 - 85
260 _aShillong
_bGovt. Press
_c1985
300 _a453p.
_ccm.
490 _v1984-85
650 _aGeneralization
_9382273
700 _a"Meghalay, Planning (Deptt.of-)"
_9382274
942 _h"z.2794.N8t5, M5/GD"
_cCC
999 _c699240
_d699240